00990njm a2200253Ia 450000100060000000300090000600500170001500800410003204000130007304000130008610000150009910000180011410000380013224500280017025000110019826000120020926000690022130000100029030000290030050000380032950502550036765000550062270000590067727636IT-RoPAU20220918181132.0131025s9999 xx 000 0 und d aIT-RoPAU cIT-RoPAU aLast James eAutore musica gCodice autore musica SPICS: 10976 aGrenzenloses Himmelblau a1a ed. aGERMANY bDEUTSCHE GRAMMOPHONc1985 [1a Ed.:1985 - Ed. Lingua Orig.: 1985] aDISCO c43 minuti (Testo: pag.) aMusica strumentale. Arrangiamento aGrenzenloses Himmelblau - Seniorentreff - Arche Noah - Erste Begegnung - Rio - Guidos Love Song - Hongkong - Kaolun - New York Vom Central Park Bis Tiffany - Amsterdam - Lh 903 Auf Umweg Nach Munchen - Am Strand - Gemeinsam Nach Griechenland - Finale aARRANGIAMENTO [DISCHI]eCodice MATERIA SPICS: 9950 aLast JamesgCodice interprete SPICS: 10976eInterprete